| 000 | 00519nam a2200133Ia 4500 | ||
|---|---|---|---|
| 008 | 260210s9999 xx 000 0 und d | ||
| 024 | _a15B-060-BS, 15B-091-BS, 15B-038-BS & 15B-047-BS | ||
| 082 | _a005.19072 MOH | ||
| 100 | _aM. Mohsin Rashid, Muneeb Sohail, M. Saad Khan & Syed Fareed Ullah | ||
| 245 | 3 | _aAn Effective Semantic Search Engine (Instant Answers, 5W's & H Tool). (CODE BOOK) | |
| 260 |
_aKarachi: _bUITU, _c2015 |
||
| 600 | _aComputer Science | ||
| 650 | _aBachelor of Computer Science (BS) | ||
| 999 |
_c32343 _d32343 |
||